• 首页
  • 本馆介绍
  • 公告通知
  • 最新文献
  • 馆藏检索
  • 电子资源
  • 读者导购
  • 参考咨询
  • 我的图书馆
  • 登录
  • 详细信息显示
  • 放入我的书架
  • 预约/预借图书
  • 作者相关作品
  • 分类相关作品
  • 丛书相关作品
  • 出版社相关作品

书目信息

  • 表格格式
  • 工作单格式
  • 卡片格式
题名:
商业计划
    
 
作者: ;米彦军 ;日本顾彼思商学院
分册:  
出版信息: 北京    
页数:
开本: 26cm
丛书名:
单 册:
中图分类: F712.1
科图分类:
主题词: 商业经济--国内
电子资源:
ISBN: 7-5699-3512-8
000 00626nam0 2200205 450
001 2470569964
005 20241206083815.45
010    @a7-5699-3512-8@dCNY62.00
100    @a20241205d km y0chiy0120 ea
101 0  @achi
102    @aCN@b110000
200 1  @a商业计划@AShang Ye Ji Hua@f日本顾彼思商学院@FRi Ben Gu Bi Si Shang Xue Yuan@g米彦军@GMi Yan Jun
210    @a北京
215    @d26cm
606 0  @a商业经济@x国内
690    @aF712.1@v4
702  0 @a米彦军@AMi Yan Jun
711 02 @a日本顾彼思商学院@ARi Ben Gu Bi Si Shang Xue Yuan
801  0 @aCN@b大连网信软件有限公司图书馆·11@c20241206
905    @aZUCC@e1793@dF712.1
    
    商业计划/日本顾彼思商学院/米彦军.-北京
    26cm
    
    
    ISBN 7-5699-3512-8:CNY62.00
    
●
相关链接 在E读中查询图书 在五车中查询图书 在当当中查询图书 在豆瓣中查询图书


正题名:商业计划     索取号:F712.1/1793         预约/预借

序号 登录号 条形码 馆藏地/架位号 状态 备注
1 1439591   214395910   密集书库2/ [索取号:F712.1/1793] 在馆    
唐山师范学院图书馆 欢迎您!
大连网信软件有限公司© 版权所有